000
00323nam a2200109Ia 4500
008
200302s9999 xx 000 0 und d
100
_a
Saglio-Yatzimirs and Others
245
_a
Megacity slums social exclusion, space and urban policies in brazil and India
260
_b
Imperial Collge Press
260
_c
2014
300
_a
446
999
_c
5905
_d
5905